LEADER 01007nam1 2200361 450 001 990000939040203316 035 $a0093904 035 $aUSA010093904 035 $a(ALEPH)000093904USA01 035 $a0093904 100 $a20020201d1990----km-y0ITAy01------ba 101 $aita 102 $aIT 105 $a00||| 200 1 $aStoria del cinema 210 $a[Milano]$cGarzanti$d1990 215 $a5 v.$d23 cm 606 $aCinematografo$xStoria 676 $a791.4309 801 0$aIT$bsalbc$gISBD 912 $a990000939040203316 951 $aXVI C 4$bLM$cXVI C 959 $aBK 969 $aUMA 979 $aPATTY$b90$c20020201$lUSA01$h1617 979 $aPATTY$b90$c20020201$lUSA01$h1618 979 $aPATTY$b90$c20020201$lUSA01$h1619 979 $aPATTY$b90$c20020201$lUSA01$h1623 979 $aPATTY$b90$c20020201$lUSA01$h1623 979 $c20020403$lUSA01$h1737 979 $aPATRY$b90$c20040406$lUSA01$h1705 996 $aHistoire de l'art cinématographique$958388 997 $aUNISA LEADER 01307nam--2200337---450- 001 990000422900203316 010 $a1-86058-164-1 035 $a0042290 035 $aUSA010042290 035 $a(ALEPH)000042290USA01 035 $a0042290 100 $a--------d--------km-y0itay0103----ba 101 $aeng 102 $aGB 105 $a||||||||001yy 200 1 $aDiesel engines - particulate control$eIMechE Headquarters, London, UK, 23 November 1998$forganized by the Combustion Engines Group in association with the Railway Division and Automobile Division of the Institution of Mechanical Engineers (IMechE)$gsponsored by Institution of Diesel and Gas Turbine Engineers ...[et al.] 225 2 $aIMechE Seminar Publication 1998$v16 410 0$12001$aIMechE Seminar Publication 1998 606 0 $aMotori diesel$xCombustione$xInquinamento$xCongressi 1998 676 $a621.436 712 01$aCombustion Engines Group 912 $a990000422900203316 951 $a621.436 DIE$b15382 Ing.$c621.436$d00007555 959 $aBK 969 $aTEC 979 $aPAOLA$b40$c20010503$lUSA01$h0951 979 $aPAOLA$b40$c20010503$lUSA01$h0954 979 $c20020403$lUSA01$h1650 979 $aPATRY$b90$c20040406$lUSA01$h1629 996 $aDiesel engines - particulate control$9873230 997 $aUNISA